| 000 | 01321nam a22003737a 4500 | ||
|---|---|---|---|
| 003 | CHAP | ||
| 005 | 20220817042620.0 | ||
| 008 | 971013s1981 r 00010 d | ||
| 010 | _a49866 | ||
| 011 | _a50838 | ||
| 035 | _a54988 | ||
| 040 | _cCHAP | ||
| 082 |
_a660 _bF4Y |
||
| 100 | 0 | 0 |
_aFelder, Richard M. _939984 |
| 245 | _aPrincipíos básicos de los procesos químicos | ||
| 260 |
_aMéxico : _bEl manual moderno, _c1981 |
||
| 300 |
_a605 p. _b: ilus. |
||
| 590 |
_aBATCH-UPD _b10 _c20130110 _lUCH01 _h0752 |
||
| 590 |
_aBATCH-UPD _b10 _c20130110 _lUCH01 _h2350 |
||
| 590 |
_aBATCH-UPD _b10 _c20130410 _lUCH01 _h0432 |
||
| 590 |
_aBATCH-UPD _b10 _c20130914 _lUCH01 _h1325 |
||
| 590 |
_aCONVERSION _b10 _c20130109 _lUCH01 _h1327 |
||
| 650 | 1 | 4 |
_aEstequiometría. _938289 |
| 650 | 1 | 4 |
_aIngeniería química. _958271 |
| 650 | 1 | 4 |
_aProcesos químicos. _991828 |
| 700 | 0 | _aRousseau, Ronald W. | |
| 901 | _aBK | ||
| 942 | _cLIBRO | ||
| 949 |
_a660 F4Y _bBC _cLIBRO _d33724000118923 _eLIBRO _h67645 _i54988 _si |
||
| 949 |
_a660 F4Y _bBC _cLIBRO _d33724000119046 _eLIBRO _fc.2 _h67646 _i54988 _si |
||
| 949 |
_a660 F4Y _bBC _cLIBRO _d33724000119152 _eLIBRO _fc.3 _h67647 _i54988 _si |
||
| 949 |
_a660 F4Y _bBC _cLIBRO _d33724000119160 _eLIBRO _fc.4 _h67648 _i54988 _si |
||
| 949 |
_a660 F4Y _bBC _cLIBRO _d33724000918363 _eLIBRO _fc.5 _h67649 _i54988 _si |
||
| 999 |
_c49866 _d49866 |
||